[Event "Karposh Open  2012"]
[Site "Skopje MKD"]
[Date "2012.04.10"]
[Round "5.32"]
[White "Dorfanis, Ilarion"]
[Black "Zupe, Miran"]
[Result "1/2-1/2"]
[WhiteElo "2183"]
[BlackElo "2336"]
[PlyCount "79"]
[EventDate "2012.04.07"]
[EventType "swiss"]
[EventRounds "9"]
[Source "lmi"]
[SourceDate "2012.04.07"]

1. e4 e5 2. Nf3 Nc6 3. Bb5 a6 4. Ba4 Nf6 5. O-O Be7 6. d3 b5 7. Bb3 d6 8. c3
O-O 9. a4 Bb7 10. Re1 Na5 11. Bc2 c5 12. Nbd2 Qc7 13. Nf1 Bc6 14. Ng3 Bd7 15.
axb5 axb5 16. h3 Nc6 17. Rxa8 Rxa8 18. Nh2 Ra1 19. Qf3 g6 20. Rf1 h5 21. Bg5
Rxf1+ 22. Nhxf1 Nh7 23. Bxe7 Nxe7 24. Ne3 h4 25. Ngf1 Kg7 26. Bb3 Ng5 27. Qe2
Qc8 28. Nh2 Ng8 29. Nf3 Qd8 30. Nxg5 Qxg5 31. Qf3 Nf6 32. Kh2 Be8 33. Ba2 Bc6
34. Ng4 Nxg4+ 35. Qxg4 Qxg4 36. hxg4 f6 37. Kh3 g5 38. f3 Be8 39. g3 hxg3 40.
Kxg3 1/2-1/2

[Event "Karposh Open  2012"]
[Site "Skopje MKD"]
[Date "2012.04.10"]
[Round "5.33"]
[White "Stojanovic, Andjelija"]
[Black "Ratkovic, Milovan"]
[Result "1/2-1/2"]
[WhiteElo "2324"]
[BlackElo "2183"]
[PlyCount "95"]
[EventDate "2012.04.07"]
[EventType "swiss"]
[EventRounds "9"]
[Source "lmi"]
[SourceDate "2012.04.07"]

1. e4 c6 2. d3 d5 3. Nd2 e5 4. Ngf3 Bd6 5. d4 exd4 6. exd5 cxd5 7. Nxd4 Nc6 8.
Bb5 Nge7 9. N2f3 O-O 10. c3 Bg4 11. Be2 Ng6 12. h3 Nxd4 13. Qxd4 Bxf3 14. Bxf3
Qe7+ 15. Be3 Be5 16. Qxd5 Rad8 17. Qxb7 Rd7 18. Qe4 f5 19. Qc4+ Kh8 20. O-O Nh4
21. Rfd1 Nxf3+ 22. gxf3 Rfd8 23. Rxd7 Qxd7 24. f4 Bb8 25. Re1 h6 26. Qf1 Kh7
27. Re2 Qc6 28. Rd2 Re8 29. Qg2 Qc8 30. Qd5 Re6 31. Kf1 Rd6 32. Qf7 Rf6 33. Qd5
Rd6 34. Qf3 Qc4+ 35. Qe2 Qc6 36. f3 Re6 37. Qf2 Qc4+ 38. Kg2 Rg6+ 39. Kh1 Bxf4
40. Bxf4 Qxf4 41. Rd4 Qe5 42. f4 Qe7 43. Rd2 Re6 44. Kh2 Re4 45. h4 Re1 46. Qg3
Re3 47. Qf2 Re1 48. Qg3 1/2-1/2

[Event "Karposh Open  2012"]
[Site "Skopje MKD"]
[Date "2012.04.10"]
[Round "5.34"]
[White "Piskur, Mitja"]
[Black "Krstev, Emil"]
[Result "1-0"]
[WhiteElo "2303"]
[BlackElo "2173"]
[PlyCount "91"]
[EventDate "2012.04.07"]
[EventType "swiss"]
[EventRounds "9"]
[Source "lmi"]
[SourceDate "2012.04.07"]

1. e4 e6 2. d3 d5 3. Nd2 c5 4. Ngf3 Nc6 5. g3 g6 6. Bg2 Bg7 7. O-O Nge7 8. Qe2
O-O 9. e5 b6 10. Re1 Ba6 11. Nf1 h6 12. h4 d4 13. N1h2 Nd5 14. Ng4 h5 15. Ngh2
Qc7 16. g4 Rae8 17. gxh5 gxh5 18. Nf1 f6 19. exf6 Nxf6 20. Ng3 Ng4 21. Nxh5
Rxf3 22. Qxf3 Qh2+ 23. Kf1 Qxh4 24. Qg3 Qxh5 25. Bxc6 Rf8 26. Re2 Kh8 27. f4 e5
28. Bf3 Bc8 29. Bxg4 Qxg4 30. Qxg4 Bxg4 31. Rh2+ Kg8 32. Rf2 Bh3+ 33. Kg1 e4
34. dxe4 Kf7 35. Rh2 Bd7 36. Bd2 Bc6 37. Re1 Re8 38. e5 Rg8 39. Kf2 Ke8 40. c3
d3 41. b3 Bd7 42. Rg1 b5 43. Be3 c4 44. Bd4 Be6 45. bxc4 bxc4 46. Rh7 1-0

[Event "Karposh Open  2012"]
[Site "Skopje MKD"]
[Date "2012.04.10"]
[Round "5.35"]
[White "Stosevski, Ilija"]
[Black "Djingarova, Emilia"]
[Result "0-1"]
[WhiteElo "2168"]
[BlackElo "2296"]
[PlyCount "68"]
[EventDate "2012.04.07"]
[EventType "swiss"]
[EventRounds "9"]
[Source "lmi"]
[SourceDate "2012.04.07"]

1. Nf3 g6 2. g3 Bg7 3. Bg2 e5 4. d3 Ne7 5. O-O O-O 6. c3 d5 7. e4 d4 8. cxd4
exd4 9. Bf4 Nbc6 10. Qc1 Bg4 11. Bh6 Qd7 12. Bxg7 Kxg7 13. Nbd2 f6 14. Nc4 b5
15. Na3 a6 16. Qc5 Rab8 17. b4 Rb6 18. Rfc1 Bxf3 19. Bxf3 Ne5 20. Be2 Rc6 21.
Qa7 f5 22. Rxc6 N7xc6 23. Qxa6 fxe4 24. dxe4 d3 25. Qxb5 dxe2 26. Qxe2 Nd4 27.
Qf1 Ndf3+ 28. Kh1 Qd4 29. h3 Qxe4 30. Qg2 Qxb4 31. Rc1 Qxa3 32. Rxc7+ Rf7 33.
Rxf7+ Kxf7 34. Qf1 Qxa2 0-1

[Event "Karposh Open  2012"]
[Site "Skopje MKD"]
[Date "2012.04.10"]
[Round "5.36"]
[White "Vladimirov, Vladimir"]
[Black "Raeva, Elitsa"]
[Result "0-1"]
[WhiteElo "2162"]
[BlackElo "2292"]
[PlyCount "36"]
[EventDate "2012.04.07"]
[EventType "swiss"]
[EventRounds "9"]
[Source "lmi"]
[SourceDate "2012.04.07"]

1. Nf3 Nf6 2. g3 d5 3. Bg2 c6 4. O-O Bg4 5. b3 Bxf3 6. Bxf3 h5 7. Bb2 h4 8. e3
Nbd7 9. c4 e6 10. Nc3 Ne5 11. d4 Nxf3+ 12. Qxf3 Bb4 13. Nb1 Ne4 14. Qg4 Qf6 15.
f3 hxg3 16. h3 Nf2 17. Rxf2 gxf2+ 18. Kxf2 Qh6 0-1

[Event "Karposh Open  2012"]
[Site "Skopje MKD"]
[Date "2012.04.10"]
[Round "5.37"]
[White "Koksal, Ege"]
[Black "Simjanovski, Saso"]
[Result "1-0"]
[WhiteElo "2154"]
[BlackElo "2288"]
[PlyCount "79"]
[EventDate "2012.04.07"]
[EventType "swiss"]
[EventRounds "9"]
[Source "lmi"]
[SourceDate "2012.04.07"]

1. d4 g6 2. c4 Bg7 3. e4 Nc6 4. Nf3 e5 5. dxe5 Nxe5 6. Nxe5 Bxe5 7. f4 Bg7 8.
Be2 Qe7 9. Qd3 Qb4+ 10. Nc3 Bxc3+ 11. bxc3 Qe7 12. O-O d6 13. Bf3 f6 14. Ba3
Nh6 15. e5 Bf5 16. Qd5 c6 17. Qa5 Nf7 18. Rfe1 fxe5 19. fxe5 O-O 20. exd6 Qh4
21. d7 Bxd7 22. Bxf8 Rxf8 23. Qc7 Bc8 24. Re4 Qf6 25. Rae1 Qxc3 26. Qf4 Bf5 27.
R4e3 Qb4 28. Qd4 a5 29. a3 Qd6 30. Qxd6 Nxd6 31. c5 Nb5 32. Be2 Kg7 33. Bc4 h5
34. Re7+ Kf6 35. Bxb5 cxb5 36. Rxb7 Bd3 37. c6 Rc8 38. c7 b4 39. axb4 axb4 40.
Rc1 1-0

[Event "Karposh Open  2012"]
[Site "Skopje MKD"]
[Date "2012.04.10"]
[Round "5.38"]
[White "Vasovski, Nikola"]
[Black "Andrejic, Vladica"]
[Result "0-1"]
[WhiteElo "2279"]
[BlackElo "2164"]
[PlyCount "52"]
[EventDate "2012.04.07"]
[EventType "swiss"]
[EventRounds "9"]
[Source "lmi"]
[SourceDate "2012.04.07"]

1. d4 Nf6 2. c4 e6 3. g3 d5 4. Nf3 c6 5. Bg2 Be7 6. O-O O-O 7. Qc2 a6 8. Nbd2
Nbd7 9. e4 Nxe4 10. Nxe4 dxe4 11. Qxe4 c5 12. Rd1 cxd4 13. Nxd4 Qb6 14. Be3 Bc5
15. Rab1 Nf6 16. Qh4 e5 17. b4 Bxd4 18. c5 Qc7 19. Bxd4 exd4 20. Rxd4 Bf5 21.
Rbd1 Rfe8 22. g4 Bc2 23. Rc1 Ba4 24. g5 Nd7 25. g6 hxg6 26. Qh3 Nf6 0-1

[Event "Karposh Open  2012"]
[Site "Skopje MKD"]
[Date "2012.04.10"]
[Round "5.39"]
[White "Krstevski, Vlatko"]
[Black "Drljevic, Ljilja"]
[Result "0-1"]
[WhiteElo "2148"]
[BlackElo "2278"]
[PlyCount "104"]
[EventDate "2012.04.07"]
[EventType "swiss"]
[EventRounds "9"]
[Source "lmi"]
[SourceDate "2012.04.07"]

1. e4 d6 2. d4 Nf6 3. Nc3 g6 4. Bg5 Bg7 5. Bc4 h6 6. Be3 O-O 7. f3 c6 8. Bb3 e5
9. a4 Qe7 10. Nge2 Nbd7 11. Qd2 exd4 12. Nxd4 Nc5 13. O-O-O Kh7 14. g4 Nfd7 15.
Ba2 Nb6 16. a5 Nba4 17. Nxa4 Nxa4 18. Bb3 b5 19. Bxa4 bxa4 20. Nxc6 Qb7 21. Nd4
Rb8 22. Qc3 Be6 23. Qa3 Rfc8 24. c3 Bc4 25. Rd2 Bb3 26. Kb1 Qc7 27. Rc1 Qxa5
28. h4 Bc4 29. Ka1 d5 30. b4 Qc7 31. exd5 Bxd5 32. h5 a5 33. b5 Qe5 34. Bg1 Qg5
35. hxg6+ fxg6 36. Re2 Bf8 37. Qb2 Bc4 38. Rh2 Bxb5 39. Ne6 Qf6 40. Nxf8+ Qxf8
41. Re1 Bd3 42. Qa2 Rb3 43. Be3 Re8 44. Reh1 Rxe3 45. Rxh6+ Kg7 46. g5 Re1+ 47.
Rxe1 Ra3 48. Reh1 Rxa2+ 49. Kxa2 Bc4+ 50. Kb2 Qb8+ 51. Ka1 Qb3 52. Rh7+ Kf8 0-1

[Event "Karposh Open  2012"]
[Site "Skopje MKD"]
[Date "2012.04.10"]
[Round "5.40"]
[White "Kukov, Tode"]
[Black "Dobrotka, Martin"]
[Result "1/2-1/2"]
[WhiteElo "2112"]
[BlackElo "2259"]
[PlyCount "76"]
[EventDate "2012.04.07"]
[EventType "swiss"]
[EventRounds "9"]
[Source "lmi"]
[SourceDate "2012.04.07"]

1. e4 e6 2. d4 d5 3. Nc3 Nf6 4. Bg5 Be7 5. e5 Nfd7 6. Bxe7 Qxe7 7. f4 a6 8. Nf3
c5 9. dxc5 Nc6 10. Qd2 Qxc5 11. O-O-O b5 12. Ne2 Bb7 13. Ned4 O-O 14. Nxc6 Qxc6
15. Nd4 Qb6 16. Qe3 Rae8 17. Bd3 f5 18. g4 fxg4 19. h3 g3 20. Qxg3 Nc5 21. Rhg1
Rf7 22. f5 exf5 23. Bxf5 Bc8 24. Kb1 g6 25. e6 Rg7 26. h4 Nxe6 27. Bxe6+ Bxe6
28. h5 Bc8 29. h6 Rge7 30. a3 a5 31. Rge1 Re4 32. Rxe4 dxe4 33. Qg5 b4 34. Qd5+
Be6 35. Nxe6 Qxe6 36. Qd4 Qe5 37. Qc4+ Qe6 38. Qd4 Qe5 1/2-1/2

[Event "Karposh Open  2012"]
[Site "Skopje MKD"]
[Date "2012.04.10"]
[Round "5.41"]
[White "Okilj, Tigran"]
[Black "Ilic, Zoran"]
[Result "1/2-1/2"]
[WhiteElo "2083"]
[BlackElo "2252"]
[PlyCount "52"]
[EventDate "2012.04.07"]
[EventType "swiss"]
[EventRounds "9"]
[Source "lmi"]
[SourceDate "2012.04.07"]

1. d4 Nf6 2. c4 g6 3. Nc3 d5 4. Nf3 Bg7 5. Bf4 O-O 6. e3 c5 7. dxc5 Qa5 8. Nd2
dxc4 9. Bxc4 Qxc5 10. Qe2 a6 11. Nb3 Qa7 12. a4 Nc6 13. Rd1 e5 14. Bg5 h6 15.
Bh4 Re8 16. O-O g5 17. Bg3 e4 18. Rd6 Bg4 19. Qc2 Rac8 20. Rxf6 Bxf6 21. Nxe4
Kg7 22. Nxf6 Kxf6 23. Qh7 Bh5 24. Qxh6+ Bg6 25. h4 Rf8 26. hxg5+ Ke7 1/2-1/2

[Event "Karposh Open  2012"]
[Site "Skopje MKD"]
[Date "2012.04.10"]
[Round "5.42"]
[White "Dastan, Muhammed Batuhan"]
[Black "Yurtseven, Melih"]
[Result "1-0"]
[WhiteElo "2239"]
[BlackElo "2147"]
[PlyCount "30"]
[EventDate "2012.04.07"]
[EventType "swiss"]
[EventRounds "9"]
[Source "lmi"]
[SourceDate "2012.04.07"]

1. Nf3 g6 2. b3 Bg7 3. d4 Nf6 4. g3 O-O 5. Bb2 c5 6. Bg2 Qa5+ 7. Qd2 Qa6 8. c4
Ne4 9. Qe3 Nd6 10. Nc3 Nf5 11. Qd2 Bh6 12. e3 d6 13. O-O cxd4 14. Nxd4 Nxd4 15.
Qxd4 Nc6 1-0

[Event "Karposh Open  2012"]
[Site "Skopje MKD"]
[Date "2012.04.10"]
[Round "5.43"]
[White "Djukic, Sandra"]
[Black "Kacakovski, Dimitar"]
[Result "1-0"]
[WhiteElo "2203"]
[BlackElo "2128"]
[PlyCount "83"]
[EventDate "2012.04.07"]
[EventType "swiss"]
[EventRounds "9"]
[Source "lmi"]
[SourceDate "2012.04.07"]

1. d4 Nf6 2. c4 g6 3. Nc3 Bg7 4. e4 d6 5. f3 O-O 6. Be3 c5 7. d5 e6 8. Qd2 exd5
9. cxd5 Re8 10. Nge2 a6 11. a4 Nbd7 12. Ng3 h5 13. Be2 h4 14. Nf1 Nh7 15. Qc2
Qa5 16. Nd2 Ne5 17. O-O Qb4 18. a5 b5 19. axb6 Qxb6 20. Rfb1 Qc7 21. Qa4 Qe7
22. Ra3 f5 23. b4 cxb4 24. Qxb4 Qf6 25. f4 Ng4 26. Bxg4 fxg4 27. Qa4 Rd8 28.
Rb6 Qf7 29. Nb5 Bf8 30. Nd4 Nf6 31. Qc2 Nh5 32. Ne2 g3 33. h3 Bh6 34. Nc4 Nxf4
35. Nxf4 Bxf4 36. Bxf4 Qxf4 37. Rf3 Qg5 38. Nxd6 Bd7 39. Nf7 Qh5 40. Nxd8 Rxd8
41. Qc7 Rc8 42. Rb8 1-0

[Event "Karposh Open  2012"]
[Site "Skopje MKD"]
[Date "2012.04.10"]
[Round "5.44"]
[White "Orehek, Spela"]
[Black "Glavinac, Goran"]
[Result "1-0"]
[WhiteElo "1992"]
[BlackElo "2201"]
[PlyCount "107"]
[EventDate "2012.04.07"]
[EventType "swiss"]
[EventRounds "9"]
[Source "lmi"]
[SourceDate "2012.04.07"]

1. e4 g6 2. d4 Bg7 3. Be3 c6 4. Nc3 d6 5. g3 Nd7 6. Bg2 b5 7. Qd2 Nb6 8. b3 Qc7
9. Nge2 Bb7 10. Rc1 a5 11. O-O h5 12. h4 Nf6 13. f3 Nfd7 14. Nf4 b4 15. Nd1 c5
16. c3 bxc3 17. Nxc3 Ba6 18. dxc5 dxc5 19. Ncd5 Nxd5 20. Nxd5 Qxg3 21. Bf4 Qxh4
22. Nc7+ Kf8 23. Nxa8 Bd4+ 24. Be3 Bxe3+ 25. Qxe3 Bxf1 26. Kxf1 Qg3 27. Rd1 Nf6
28. Rd8+ Kg7 29. Rxh8 Kxh8 30. Nb6 Qe5 31. Qd2 Kg7 32. Nc4 Qg3 33. Qf2 Qh2 34.
Qg1 Qg3 35. Qf2 Qh2 36. Qxc5 Qf4 37. Qe3 Qc7 38. Qb6 Qg3 39. Qxa5 Qf4 40. Qd2
Qg3 41. Qc3 Qf4 42. e5 Ne4 43. Qe3 Ng3+ 44. Kg1 Qf5 45. e6 f6 46. Nd2 h4 47.
Nf1 Qb1 48. Qa7 Qe1 49. Qxe7+ Kh6 50. Qxf6 Ne2+ 51. Kh2 Qf2 52. Qh8+ Kg5 53.
Qe5+ Kh6 54. Qe3+ 1-0

[Event "Karposh Open  2012"]
[Site "Skopje MKD"]
[Date "2012.04.10"]
[Round "5.45"]
[White "Ilic, Ljubomir"]
[Black "Ljangov, Petar"]
[Result "1-0"]
[WhiteElo "2199"]
[BlackElo "2089"]
[PlyCount "53"]
[EventDate "2012.04.07"]
[EventType "swiss"]
[EventRounds "9"]
[Source "lmi"]
[SourceDate "2012.04.07"]

1. e4 c5 2. Nf3 d6 3. d4 cxd4 4. Nxd4 Nf6 5. Nc3 e6 6. f4 Be7 7. Be3 Nc6 8. Qf3
Bd7 9. O-O-O Qb8 10. h3 O-O 11. g4 Nxd4 12. Bxd4 Bc6 13. Rg1 b5 14. g5 Nd7 15.
f5 exf5 16. Qxf5 g6 17. Nd5 Bd8 18. Qf4 Bxd5 19. exd5 Bb6 20. h4 Bxd4 21. Rxd4
Qe8 22. Re4 Ne5 23. Be2 Qe7 24. Rf1 Rac8 25. Qf6 Qxf6 26. Rxf6 Rfd8 27. a4 1-0

[Event "Karposh Open  2012"]
[Site "Skopje MKD"]
[Date "2012.04.10"]
[Round "5.46"]
[White "Mitkovski, Zarko"]
[Black "Hadzi - Manev, Ljubomir"]
[Result "0-1"]
[WhiteElo "2185"]
[BlackElo "2067"]
[PlyCount "66"]
[EventDate "2012.04.07"]
[EventType "swiss"]
[EventRounds "9"]
[Source "lmi"]
[SourceDate "2012.04.07"]

1. e4 c5 2. Nc3 e6 3. f4 Nc6 4. Nf3 Nge7 5. g3 d5 6. d3 g6 7. Bg2 Bg7 8. O-O
O-O 9. e5 f6 10. exf6 Bxf6 11. Ne2 d4 12. Nd2 Nf5 13. Ne4 Be7 14. Kh1 Nb4 15.
g4 Nh4 16. N2g3 Nxg2 17. Kxg2 b5 18. Qe2 Qd5 19. a3 Nc6 20. Bd2 c4 21. Rf3 Bd7
22. Raf1 a5 23. h3 Rac8 24. Kh2 Kh8 25. R1f2 Bh4 26. g5 Ne7 27. Nf6 Rxf6 28.
gxf6 Nf5 29. Nxf5 gxf5 30. Qe5 Bc6 31. Qxd5 Bxd5 32. Rg3 Bxg3+ 33. Kxg3 Kg8 0-1

[Event "Karposh Open  2012"]
[Site "Skopje MKD"]
[Date "2012.04.10"]
[Round "5.47"]
[White "Nikolovski, Nikola"]
[Black "Andonovski, Ljubisa"]
[Result "0-1"]
[WhiteElo "1887"]
[BlackElo "2291"]
[PlyCount "102"]
[EventDate "2012.04.07"]
[EventType "swiss"]
[EventRounds "9"]
[Source "lmi"]
[SourceDate "2012.04.07"]

1. e4 c5 2. Nc3 e6 3. f4 a6 4. d3 d5 5. Nf3 Nc6 6. g3 Be7 7. Bg2 dxe4 8. Nxe4
Nf6 9. Qe2 O-O 10. O-O Qc7 11. Bd2 b6 12. Rae1 Bb7 13. Bc3 Nd5 14. Be5 Nxe5 15.
fxe5 b5 16. Bh3 Rac8 17. c3 h6 18. Qd2 Qd8 19. Rf2 Nb6 20. g4 Rc7 21. Bf1 c4
22. d4 Bxe4 23. Rxe4 Nd5 24. Rg2 Bg5 25. Qe1 Nf4 26. Rg3 Ng6 27. Be2 f5 28.
exf6 Rxf6 29. Nxg5 hxg5 30. Rge3 Nf4 31. Bf3 Rcf7 32. Rxe6 Nxe6 33. Rxe6 Rf8
34. Rxf6 Qxf6 35. Bd5+ Kh8 36. Be6 Re8 37. d5 Qf4 38. Qf2 Qxf2+ 39. Kxf2 g6 40.
Ke3 Kg7 41. Kd4 Kf6 42. Kc5 Rh8 43. a4 bxa4 44. Kxc4 Rxh2 45. Kb4 Rxb2+ 46.
Kxa4 Ke5 47. Ka5 Kd6 48. c4 Rc2 49. Kxa6 Rxc4 50. Kb6 Rb4+ 51. Ka5 Rd4 0-1

[Event "Karposh Open  2012"]
[Site "Skopje MKD"]
[Date "2012.04.10"]
[Round "5.48"]
[White "Ajrula, Adnan"]
[Black "Dinev, Dejan"]
[Result "0-1"]
[WhiteElo "1984"]
[BlackElo "2373"]
[PlyCount "78"]
[EventDate "2012.04.07"]
[EventType "swiss"]
[EventRounds "9"]
[Source "lmi"]
[SourceDate "2012.04.07"]

1. d4 Nf6 2. c4 c5 3. d5 e6 4. dxe6 fxe6 5. Nc3 d5 6. Bg5 d4 7. Ne4 Be7 8. Bxf6
Bxf6 9. g3 O-O 10. Bg2 Be7 11. Nf3 Bd7 12. O-O Nc6 13. a3 a5 14. Rc1 a4 15. Re1
e5 16. Rc2 Bf5 17. Nfd2 Bg4 18. f3 Bf5 19. g4 Bg6 20. Rc1 b6 21. Ng3 Bg5 22.
Ngf1 Bf4 23. e3 dxe3 24. Nxe3 Qg5 25. Nd5 Bxd2 26. f4 Bxf4 27. Nxf4 Rxf4 28.
Qd5+ Kh8 29. Qxc6 Raf8 30. h3 h5 31. Qd6 e4 32. Bxe4 Bxe4 33. Rxe4 R4f6 34. Qd1
Qh4 35. Qe2 Rf2 36. Qe3 R2f3 37. Re1 Rg3+ 38. Qxg3 Qxg3+ 39. Kh1 Rf2 0-1

[Event "Karposh Open  2012"]
[Site "Skopje MKD"]
[Date "2012.04.10"]
[Round "5.50"]
[White "Draskovic, Luka"]
[Black "Atanasov, Sande"]
[Result "1-0"]
[WhiteElo "2212"]
[BlackElo "1950"]
[PlyCount "45"]
[EventDate "2012.04.07"]
[EventType "swiss"]
[EventRounds "9"]
[Source "lmi"]
[SourceDate "2012.04.07"]

1. e4 d5 2. exd5 Qxd5 3. Nf3 Nf6 4. d4 Bg4 5. Be2 e6 6. O-O Nc6 7. c4 Qa5 8.
Be3 O-O-O 9. Nbd2 Qf5 10. a3 Bd6 11. b4 Bf4 12. b5 Na5 13. Qa4 b6 14. Nb3 Bxe3
15. Nxa5 Bxf3 16. fxe3 bxa5 17. Rxf3 Qe4 18. Qxa5 Rxd4 19. Qxa7 Rd2 20. Rf2
Rhd8 21. Bf3 Qc2 22. Qb7+ Kd7 23. Rxd2+ 1-0

[Event "Karposh Open  2012"]
[Site "Skopje MKD"]
[Date "2012.04.10"]
[Round "5.51"]
[White "Bejatovic, Bojana"]
[Black "Petkovski, Vlatko"]
[Result "1/2-1/2"]
[WhiteElo "1944"]
[BlackElo "2160"]
[PlyCount "84"]
[EventDate "2012.04.07"]
[EventType "swiss"]
[EventRounds "9"]
[Source "lmi"]
[SourceDate "2012.04.07"]

1. d4 Nf6 2. Nf3 g6 3. Bg5 Bg7 4. Nbd2 d6 5. e3 Nbd7 6. Bd3 O-O 7. O-O e5 8. c3
Re8 9. e4 c6 10. Re1 Qc7 11. h3 h6 12. Be3 Nf8 13. Qb3 Ne6 14. Rad1 Nh5 15. g3
Qe7 16. Bf1 Ng5 17. Nxg5 hxg5 18. Qa3 g4 19. h4 Qc7 20. Nc4 Bf8 21. dxe5 d5 22.
Qa5 Qxa5 23. Nxa5 dxe4 24. Nc4 Bf5 25. a4 b6 26. Bg5 Bg7 27. Bg2 b5 28. axb5
cxb5 29. Nd6 Rxe5 30. Bxe4 Bxe4 31. Rxe4 Rxe4 32. Nxe4 a5 33. Rd7 b4 34. cxb4
axb4 35. Rb7 f5 36. Nd2 Bxb2 37. Rxb4 Bc3 38. Rc4 Be5 39. Kg2 Ra5 40. Rc8+ Kf7
41. Nc4 Rd5 42. Nxe5+ Rxe5 1/2-1/2

[Event "Karposh Open  2012"]
[Site "Skopje MKD"]
[Date "2012.04.10"]
[Round "5.52"]
[White "Hristovski, Srdzan"]
[Black "Tairi, Krenar"]
[Result "1-0"]
[WhiteElo "2138"]
[BlackElo "1804"]
[PlyCount "89"]
[EventDate "2012.04.07"]
[EventType "swiss"]
[EventRounds "9"]
[Source "lmi"]
[SourceDate "2012.04.07"]

1. d4 Nf6 2. c4 e6 3. Nc3 Bb4 4. e3 b6 5. Nf3 Bb7 6. Be2 O-O 7. O-O d5 8. Qa4
Be7 9. Ne5 Ne4 10. cxd5 exd5 11. Nxe4 dxe4 12. Bd2 a6 13. Qc2 c5 14. dxc5 Bxc5
15. Bc3 Bd6 16. Nc4 Bc7 17. Rfd1 Qe7 18. Bd4 Nd7 19. Qc3 f6 20. Bxb6 Nxb6 21.
Nxb6 Rad8 22. Nc4 Kh8 23. g3 Bd5 24. Rd2 Bxc4 25. Bxc4 Be5 26. Qc2 Rxd2 27.
Qxd2 Rd8 28. Qc2 Qb4 29. Bxa6 Qxb2 30. Qxb2 Bxb2 31. Rb1 Bc3 32. a4 Ra8 33. Bb5
g6 34. Rb3 Be5 35. Rb1 f5 36. Rd1 Kg7 37. Rd7+ Kg8 38. Kf1 Bc3 39. h4 Ba5 40.
h5 Bc3 41. hxg6 hxg6 42. g4 Rf8 43. Bc4+ Kh8 44. Bf7 Bg7 45. Bxg6 1-0

[Event "Karposh Open  2012"]
[Site "Skopje MKD"]
[Date "2012.04.10"]
[Round "5.57"]
[White "Arizanov, Tome"]
[Black "Franca, Veronika"]
[Result "1-0"]
[WhiteElo "2108"]
[BlackElo "1863"]
[PlyCount "83"]
[EventDate "2012.04.07"]
[EventType "swiss"]
[EventRounds "9"]
[Source "lmi"]
[SourceDate "2012.04.07"]

1. Nf3 Nf6 2. g3 g6 3. Bg2 Bg7 4. O-O O-O 5. d3 d6 6. Na3 e5 7. c4 Nc6 8. Nc2
Be6 9. Rb1 h6 10. b4 Qd7 11. b5 Ne7 12. e4 Bh3 13. a4 Kh7 14. Be3 Bxg2 15. Kxg2
Ng4 16. Ng1 Nxe3+ 17. Nxe3 f5 18. exf5 gxf5 19. f4 exf4 20. Rxf4 Ng6 21. Rf1 f4
22. Nd5 fxg3 23. Rxf8 Rxf8 24. hxg3 Bd4 25. Nh3 c6 26. Ndf4 Nxf4+ 27. Nxf4 Be3
28. Qf3 Bxf4 29. gxf4 Rg8+ 30. Kf2 Qg4 31. Qxg4 Rxg4 32. Kf3 Rg7 33. bxc6 bxc6
34. a5 Kg6 35. Rb8 Kf6 36. Rd8 Ke6 37. Rh8 Kd7 38. Rxh6 c5 39. f5 Kc6 40. f6
Rf7 41. Ke4 Kd7 42. Kd5 1-0

[Event "Karposh Open  2012"]
[Site "Skopje MKD"]
[Date "2012.04.10"]
[Round "5.58"]
[White "Savoglou, Nikolaos"]
[Black "Chan, Naruna"]
[Result "1/2-1/2"]
[WhiteElo "2055"]
[BlackElo "1835"]
[PlyCount "41"]
[EventDate "2012.04.07"]
[EventType "swiss"]
[EventRounds "9"]
[Source "lmi"]
[SourceDate "2012.04.07"]

1. d4 d5 2. c4 c6 3. Nf3 Nf6 4. e3 e6 5. b3 b6 6. Bd3 Bd6 7. Bb2 Nbd7 8. O-O
O-O 9. Ne5 Bb7 10. Nd2 Qe7 11. f4 c5 12. Ndf3 Ne4 13. Nxd7 Qxd7 14. Ne5 Qe7 15.
Qg4 f5 16. Qe2 Nf6 17. a4 a5 18. Rac1 Rac8 19. Rc2 Rfd8 20. Rfc1 Qe8 21. Nf3
1/2-1/2

[Event "Karposh Open  2012"]
[Site "Skopje MKD"]
[Date "2012.04.10"]
[Round "5.59"]
[White "Vucko, Jozsef"]
[Black "Karatrajkov, Nikola"]
[Result "1-0"]
[WhiteElo "2054"]
[BlackElo "1770"]
[PlyCount "101"]
[EventDate "2012.04.07"]
[EventType "swiss"]
[EventRounds "9"]
[Source "lmi"]
[SourceDate "2012.04.07"]

1. c4 Nf6 2. d4 e6 3. a3 a5 4. Nc3 d5 5. Bg5 Be7 6. e3 h6 7. Bh4 c6 8. Rc1 Nbd7
9. Bd3 dxc4 10. Bxc4 Nb6 11. Ba2 Nbd5 12. Nge2 Nxc3 13. Nxc3 Nd5 14. Bg3 Nxc3
15. Rxc3 b6 16. O-O Bb7 17. Bb1 c5 18. Be5 Rc8 19. Qg4 Bf6 20. Bxf6 Qxf6 21.
dxc5 bxc5 22. Qa4+ Bc6 23. Qc2 Bb5 24. Rd1 c4 25. b3 g6 26. bxc4 Bc6 27. Rd4
O-O 28. Rf4 Qg5 29. f3 h5 30. Rd4 Bxf3 31. e4 e5 32. Rd5 Bg4 33. Rxa5 Rfd8 34.
Rd5 Be6 35. Rxd8+ Rxd8 36. Rg3 Bg4 37. Rd3 Rxd3 38. Qxd3 Qc1+ 39. Qf1 Qxa3 40.
Bd3 Qa7+ 41. Qf2 Qa1+ 42. Bf1 Be6 43. Qe2 Qd4+ 44. Kh1 Bg4 45. Qd3 Qf2 46. h3
Be6 47. Kh2 Kg7 48. Qe2 Qf4+ 49. Kg1 Qg3 50. Qd3 Qe1 51. g3 1-0

[Event "Karposh Open  2012"]
[Site "Skopje MKD"]
[Date "2012.04.10"]
[Round "5.60"]
[White "Vasilevski, Igor"]
[Black "Jancev, Valentin"]
[Result "1/2-1/2"]
[WhiteElo "1850"]
[BlackElo "1998"]
[PlyCount "24"]
[EventDate "2012.04.07"]
[EventType "swiss"]
[EventRounds "9"]
[Source "lmi"]
[SourceDate "2012.04.07"]

1. d4 e6 2. c4 b6 3. Nf3 Bb7 4. g3 Bb4+ 5. Bd2 Bxd2+ 6. Nbxd2 f5 7. Bg2 Nf6 8.
O-O O-O 9. e3 d6 10. Qc2 Nbd7 11. Rac1 Qe7 12. b3 h6 1/2-1/2

[Event "Karposh Open  2012"]
[Site "Skopje MKD"]
[Date "2012.04.10"]
[Round "5.61"]
[White "Gjeorgjievski, Done"]
[Black "Jonoska, Katerina"]
[Result "0-1"]
[WhiteElo "1829"]
[BlackElo "1982"]
[PlyCount "56"]
[EventDate "2012.04.07"]
[EventType "swiss"]
[EventRounds "9"]
[Source "lmi"]
[SourceDate "2012.04.07"]

1. e4 e5 2. Nf3 Nc6 3. Bb5 a6 4. Ba4 Nf6 5. O-O Be7 6. Re1 b5 7. Bb3 d6 8. h3
O-O 9. a4 Na5 10. Ba2 c5 11. d3 Be6 12. Bd2 b4 13. Bxe6 fxe6 14. c3 Rb8 15.
cxb4 cxb4 16. d4 Nd7 17. dxe5 Nxe5 18. Nxe5 dxe5 19. Qg4 Qd7 20. Bh6 Bc5 21.
Be3 Bxe3 22. Rxe3 Rbc8 23. Qe2 Rc1+ 24. Kh2 Qd1 25. Qxa6 Qg1+ 26. Kg3 Qxf2+ 27.
Kh2 Qxe3 28. Qxe6+ Kh8 0-1

[Event "Karposh Open  2012"]
[Site "Skopje MKD"]
[Date "2012.04.10"]
[Round "5.62"]
[White "Nikolovska, Dragana"]
[Black "Cavusoglu, Yildiz"]
[Result "1/2-1/2"]
[WhiteElo "1773"]
[BlackElo "1971"]
[PlyCount "84"]
[EventDate "2012.04.07"]
[EventType "swiss"]
[EventRounds "9"]
[Source "lmi"]
[SourceDate "2012.04.07"]

1. e4 c6 2. d4 d5 3. exd5 cxd5 4. c4 Nf6 5. Nc3 e6 6. Nf3 Be7 7. cxd5 Nxd5 8.
Bd3 Nc6 9. O-O Nf6 10. a3 h6 11. Bc2 a6 12. Qd3 b5 13. Re1 Bb7 14. Bf4 Rc8 15.
Rad1 b4 16. Ne2 bxa3 17. bxa3 Qa5 18. Bc1 Qb5 19. Qe3 Na5 20. Bd3 Nc4 21. Qf4
Bd5 22. Nc3 Qb3 23. Nxd5 Nxd5 24. Qg4 Bf6 25. Rxe6+ fxe6 26. Qxe6+ Ne7 27. Re1
Qb8 28. Bxc4 Qc7 29. Bxa6 Rb8 30. d5 Rb6 31. Qc8+ Qxc8 32. Bxc8 O-O 33. Be6+
Kh8 34. h3 Rd8 35. Ne5 Bxe5 36. Rxe5 Rb1 37. Re1 Nxd5 38. Rd1 Rb5 39. a4 Ra5
40. Be3 Rd6 41. Bf7 Rd7 42. Be6 Rd6 1/2-1/2